[Event "Cheliabinsk-ch"]
[Site "Cheliabinsk"]
[Date "2011.01.23"]
[Round "7"]
[White "Khafizova, Yana"]
[Black "Zangirov, Yan"]
[Result "1/2-1/2"]
[WhiteElo "1919"]
[BlackElo "2155"]
[PlyCount "77"]
[EventDate "2011.01.13"]
[EventType "swiss"]
[EventRounds "9"]
[EventCountry "RUS"]
[SourceTitle "EXT 2012"]
[Source "ChessBase"]
[SourceDate "2011.11.24"]
[SourceVersion "1"]
[SourceVersionDate "2011.11.24"]
[SourceQuality "1"]

1. e4 e6 2. d4 d5 3. exd5 exd5 4. Nf3 Bd6 5. Bd3 Nf6 6. 0-0 0-0 7. Bg5 Bg4 8. Nbd2 Nbd7 9. c3 c6 10. Re1 Qc7 11. h3 Bh5 12. Qc2 Rfe8 13. Bf5 Bg6 14. Bxg6 hxg6 15. Rad1 Bf4 16. Bxf4 Qxf4 17. c4 Rad8 18. Qb3 Qc7 19. Rxe8+ Rxe8 20. Re1 Rxe1+ 21. Nxe1 dxc4 22. Nxc4 Nd5 23. Nf3 Nf8 24. Ne3 Nf4 25. Qc4 N8e6 26. Kh1 Qa5 27. Qb3 Qh5 28. Ng1 Nxd4 29. Qxb7 Nd3 30. Qb8+ Kh7 31. Qg3 Nxb2 32. Qf4 c5 33. Qxf7 Nd3 34. Ng4 Qf5 35. Qxa7 Qf4 36. Qe7 Nf5 37. Nf6+ Kh6 38. Ng8+ Kh7 39. Nf6+ 1/2-1/2

[Event "Cheliabinsk-ch"]
[Site "Cheliabinsk"]
[Date "2011.01.15"]
[Round "2"]
[White "Zangirov, Yan"]
[Black "Panov, Maksim"]
[Result "0-1"]
[WhiteElo "2155"]
[BlackElo "1925"]
[PlyCount "82"]
[EventDate "2011.01.13"]
[EventType "swiss"]
[EventRounds "9"]
[EventCountry "RUS"]
[SourceTitle "EXT 2012"]
[Source "ChessBase"]
[SourceDate "2011.11.24"]
[SourceVersion "1"]
[SourceVersionDate "2011.11.24"]
[SourceQuality "1"]

1. Nf3 Nf6 2. g3 g6 3. Bg2 Bg7 4. 0-0 0-0 5. c4 d6 6. d4 c6 7. Nc3 Nbd7 8. d5 cxd5 9. cxd5 Nc5 10. Nd4 a5 11. a4 Nfd7 12. Kh1 f5 13. Ndb5 Nf6 14. Be3 Bd7 15. Bd4 Rc8 16. Na7 Ra8 17. Nab5 Rc8 18. Ra3 Be8 19. f3 g5 20. Qd2 h6 21. e3 Bf7 22. Bh3 Bg6 23. Bg2 Qd7 24. Re1 Rf7 25. h3 Rcf8 26. Kh2 g4 27. f4 gxh3 28. Kxh3 Nce4 29. Bxe4 fxe4+ 30. Kg2 Bh5 31. Rg1 Bf3+ 32. Kf1 Qh3+ 33. Ke1 Nh5 34. Qf2 Kh7 35. g4 Bxg4 36. Bxg7 Rxg7 37. Nxe4 Rfg8 38. Ng5+ hxg5 39. e4 Qh4 40. f5 Qxf2+ 41. Kxf2 Nf6 0-1

[Event "Cheliabinsk Postovalov Memorial 5th"]
[Site "Cheliabinsk"]
[Date "2011.01.07"]
[Round "4"]
[White "Zangirov, Yan"]
[Black "Arkhipenko, Daniil"]
[Result "1/2-1/2"]
[WhiteElo "2155"]
[BlackElo "2155"]
[PlyCount "64"]
[EventDate "2011.01.06"]
[EventType "swiss"]
[EventRounds "9"]
[EventCountry "RUS"]
[SourceTitle "CBM 140 Extra"]
[Source "ChessBase"]
[SourceDate "2011.03.01"]
[SourceVersion "1"]
[SourceVersionDate "2011.03.01"]
[SourceQuality "1"]

1. Nf3 d6 2. d4 g6 3. c4 Bg7 4. g3 f5 5. Bg2 Nf6 6. Nc3 0-0 7. 0-0 Na6 8. a3 Qe8 9. Qc2 c6 10. b4 Bd7 11. Rd1 h6 12. Bf4 Nh5 13. Bc1 Nc7 14. Bb2 Qf7 15. Qd3 Rad8 16. e3 e5 17. Qe2 Be6 18. d5 cxd5 19. cxd5 Bc8 20. Nd2 g5 21. e4 f4 22. Bf3 Nf6 23. Bg2 Qg6 24. f3 fxg3 25. hxg3 Nh5 26. Nf1 g4 27. Rd3 Rf7 28. fxg4 Bxg4 29. Qe3 b6 30. Rc1 Bf6 31. Rc2 Rdf8 32. Qe1 Bd8 1/2-1/2

[Event "Cheliabinsk Postovalov Memorial 5th"]
[Site "Cheliabinsk"]
[Date "2011.01.06"]
[Round "1"]
[White "Vatutin, Andrey"]
[Black "Zangirov, Yan"]
[Result "0-1"]
[WhiteElo "1801"]
[BlackElo "2155"]
[PlyCount "42"]
[EventDate "2011.01.06"]
[EventType "swiss"]
[EventRounds "9"]
[EventCountry "RUS"]
[SourceTitle "CBM 140 Extra"]
[Source "ChessBase"]
[SourceDate "2011.03.01"]
[SourceVersion "1"]
[SourceVersionDate "2011.03.01"]
[SourceQuality "1"]

1. c4 e5 2. Nc3 Nc6 3. Nf3 Bc5 4. e3 d6 5. d4 exd4 6. exd4 Bb6 7. Bd3 Nxd4 8. 0-0 Ne7 9. Nxd4 Bxd4 10. Nd5 Nc6 11. Re1+ Be6 12. Bf5 0-0 13. Qd3 Qh4 14. Ne3 Ne5 15. Qe4 Qxe4 16. Bxe4 Nxc4 17. Bxb7 Rab8 18. Bd5 Nxe3 19. Bxe3 Bxe3 20. Bxe6 Bxf2+ 21. Kxf2 fxe6+ 0-1

[Event "Cheliabinsk Region-ch"]
[Site "Cheliabinsk"]
[Date "2010.04.02"]
[Round "7"]
[White "Akst, Ilia"]
[Black "Zangirov, Yan"]
[Result "1-0"]
[WhiteElo "2230"]
[BlackElo "2174"]
[PlyCount "57"]
[EventDate "2010.03.27"]
[EventType "swiss"]
[EventRounds "9"]
[EventCountry "RUS"]
[SourceTitle "EXT 2012"]
[Source "ChessBase"]
[SourceDate "2011.11.24"]
[SourceVersion "1"]
[SourceVersionDate "2011.11.24"]
[SourceQuality "1"]

1. e4 e6 2. d4 d5 3. Nd2 c5 4. Ngf3 cxd4 5. exd5 exd5 6. Bb5+ Nc6 7. 0-0 Bd6 8. Re1+ Nge7 9. Nxd4 0-0 10. N2b3 Ng6 11. c3 Nce5 12. Be2 Qf6 13. Nb5 Bb8 14. Qxd5 Nf4 15. Bxf4 Qxf4 16. g3 Qh6 17. Rad1 Ng4 18. Bxg4 Bxg4 19. Rd4 Be6 20. Qxb7 a6 21. Qxa8 axb5 22. Qc6 Qg5 23. Nc5 Bh3 24. Nd7 Ba7 25. Nxf8 Bxd4 26. cxd4 Qd2 27. Qe8 h6 28. Ne6+ Kh7 29. Nf4 1-0

[Event "Cheliabinsk Region-ch"]
[Site "Cheliabinsk"]
[Date "2010.04.01"]
[Round "6"]
[White "Zangirov, Yan"]
[Black "Gorbushin, Maksim"]
[Result "1-0"]
[WhiteElo "2174"]
[BlackElo "2038"]
[PlyCount "43"]
[EventDate "2010.03.27"]
[EventType "swiss"]
[EventRounds "9"]
[EventCountry "RUS"]
[SourceTitle "EXT 2012"]
[Source "ChessBase"]
[SourceDate "2011.11.24"]
[SourceVersion "1"]
[SourceVersionDate "2011.11.24"]
[SourceQuality "1"]

1. Nf3 Nf6 2. g3 g6 3. Bg2 Bg7 4. c4 0-0 5. 0-0 d6 6. d4 Nc6 7. d5 Na5 8. Nfd2 c5 9. Nc3 e6 10. Qc2 exd5 11. cxd5 a6 12. b3 b5 13. Bb2 Re8 14. Rfe1 Nd7 15. Nce4 Ne5 16. f4 f5 17. fxe5 fxe4 18. e6 Bb7 19. Bxg7 Kxg7 20. Qc3+ Kh6 21. Nxe4 Bxd5 22. Qd2+ 1-0

[Event "Cheliabinsk Region-ch"]
[Site "Cheliabinsk"]
[Date "2010.03.31"]
[Round "5"]
[White "Gaisin, Nail"]
[Black "Zangirov, Yan"]
[Result "0-1"]
[WhiteElo "1914"]
[BlackElo "2174"]
[PlyCount "64"]
[EventDate "2010.03.27"]
[EventType "swiss"]
[EventRounds "9"]
[EventCountry "RUS"]
[SourceTitle "EXT 2012"]
[Source "ChessBase"]
[SourceDate "2011.11.24"]
[SourceVersion "1"]
[SourceVersionDate "2011.11.24"]
[SourceQuality "1"]

1. e4 e6 2. d4 d5 3. exd5 exd5 4. Nc3 Nf6 5. g3 Bb4 6. Bg2 0-0 7. Nge2 Re8 8. 0-0 c6 9. Bg5 h6 10. Bf4 Bf5 11. h3 Nbd7 12. g4 Bg6 13. Bg3 Ne4 14. Bh2 Bxc3 15. Nxc3 Nxc3 16. bxc3 Qa5 17. Qd2 Nb6 18. f4 Nc4 19. Qf2 Be4 20. Bxe4 Rxe4 21. Rab1 Qxc3 22. Rb3 Qxd4 23. Qxd4 Rxd4 24. Rxb7 Nd2 25. Rf2 Re8 26. Rxa7 Re1+ 27. Kg2 Ne4 28. c3 Rd3 29. Rc2 Nxc3 30. Ra6 c5 31. Bg1 d4 32. Ra3 Nd5 0-1

[Event "Cheliabinsk Region-ch"]
[Site "Cheliabinsk"]
[Date "2010.03.28"]
[Round "2"]
[White "Mikleeva, Ais"]
[Black "Zangirov, Yan"]
[Result "1-0"]
[WhiteElo "2003"]
[BlackElo "2174"]
[PlyCount "71"]
[EventDate "2010.03.27"]
[EventType "swiss"]
[EventRounds "9"]
[EventCountry "RUS"]
[SourceTitle "EXT 2012"]
[Source "ChessBase"]
[SourceDate "2011.11.24"]
[SourceVersion "1"]
[SourceVersionDate "2011.11.24"]
[SourceQuality "1"]

1. d4 f5 2. c4 Nf6 3. Nc3 c6 4. Nf3 g6 5. Bf4 Bg7 6. e3 d6 7. h3 0-0 8. Bd3 Nbd7 9. Bh2 Qa5 10. Ng5 Bh6 11. Ne6 Rf7 12. Qc2 Nf8 13. b4 Qxb4 14. Nd8 Rg7 15. Rb1 Qa5 16. Nxb7 Qc7 17. Nc5 e5 18. dxe5 dxe5 19. 0-0 Qe7 20. Nb3 a5 21. Na4 N8d7 22. Qc3 e4 23. Bc2 g5 24. Nd4 Ne5 25. Nb6 f4 26. Nxc8 Rxc8 27. Nf5 Qe6 28. Nxg7 Kxg7 29. exf4 gxf4 30. Rfe1 Kh8 31. Bxe4 Re8 32. Bxc6 Rg8 33. Bd5 Nxd5 34. cxd5 Qg6 35. Qxe5+ Bg7 36. Qxf4 1-0

[Event "Cheliabinsk op 02"]
[Site "Cheliabinsk"]
[Date "2009.03.06"]
[Round "7"]
[White "Zangirov, Yan"]
[Black "Mazyrin, Yuri"]
[Result "1/2-1/2"]
[WhiteElo "2147"]
[BlackElo "2160"]
[PlyCount "20"]
[EventDate "2009.02.28"]
[EventType "swiss"]
[EventRounds "9"]
[EventCountry "RUS"]
[SourceTitle "CBM 129 Extra"]
[Source "ChessBase"]
[SourceDate "2009.05.05"]
[SourceVersion "2"]
[SourceVersionDate "2009.05.20"]
[SourceQuality "1"]

1. d4 d5 2. c4 e6 3. Nc3 c5 4. Nf3 Nc6 5. g3 Nf6 6. cxd5 exd5 7. Bg2 Be7 8. 0-0 0-0 9. Bg5 c4 10. Ne5 Be6 1/2-1/2

[Event "Cheliabinsk op 02"]
[Site "Cheliabinsk"]
[Date "2009.03.01"]
[Round "2"]
[White "Vasiliev, Sergey"]
[Black "Zangirov, Yan"]
[Result "0-1"]
[WhiteElo "1785"]
[BlackElo "2147"]
[PlyCount "82"]
[EventDate "2009.02.28"]
[EventType "swiss"]
[EventRounds "9"]
[EventCountry "RUS"]
[SourceTitle "CBM 129 Extra"]
[Source "ChessBase"]
[SourceDate "2009.05.05"]
[SourceVersion "2"]
[SourceVersionDate "2009.05.20"]
[SourceQuality "1"]

1. e4 e6 2. Nf3 d5 3. exd5 exd5 4. d4 Bg4 5. Be2 Nf6 6. Ne5 Bf5 7. 0-0 Be7 8. c4 0-0 9. Nc3 dxc4 10. Bxc4 Bg6 11. Be3 Nbd7 12. f4 Nb6 13. Bb3 Be4 14. Nxe4 Nxe4 15. Qf3 Nd6 16. Kh1 c6 17. Qh5 Nd5 18. Qf3 Nf5 19. Bd2 Nxd4 20. Qd3 Nxb3 21. Qxb3 Qb6 22. Qc2 Rad8 23. Rae1 Bf6 24. Rf3 Rfe8 25. Rh3 g6 26. Bc1 Qd4 27. Rd1 Nb4 28. Rxd4 Nxc2 29. Rxd8 Rxd8 30. Rd3 Nb4 31. Rxd8+ Bxd8 32. a3 Nd5 33. g3 Bf6 34. Nd3 Bd4 35. Kg2 f5 36. Kf3 Kf7 37. h3 h5 38. g4 hxg4+ 39. hxg4 Ke6 40. Bd2 c5 41. a4 c4 0-1

[Event "Cheliabinsk Postovalov Memorial 3rd"]
[Site "Cheliabinsk"]
[Date "2009.01.11"]
[Round "9"]
[White "Fesenko, Vitaly"]
[Black "Zangirov, Yan"]
[Result "0-1"]
[WhiteElo "2211"]
[BlackElo "2147"]
[PlyCount "83"]
[EventDate "2009.01.06"]
[EventType "swiss"]
[EventRounds "9"]
[EventCountry "RUS"]
[SourceTitle "EXT 2010"]
[Source "ChessBase"]
[SourceDate "2010.11.25"]
[SourceVersion "1"]
[SourceVersionDate "2010.11.25"]
[SourceQuality "1"]

1. e4 e6 2. d4 d5 3. e5 c5 4. c3 Qb6 5. Nf3 Bd7 6. a3 Bb5 7. c4 Bxc4 8. Bxc4 dxc4 9. d5 Qb3 10. Qxb3 cxb3 11. dxe6 fxe6 12. Nbd2 h6 13. Nxb3 Nc6 14. Be3 b6 15. 0-0-0 Rd8 16. Nbd2 Nge7 17. Nc4 Rxd1+ 18. Rxd1 Nd5 19. Bd2 Be7 20. Kc2 Rf8 21. Bc1 Rf5 22. Re1 g5 23. h3 Kd7 24. Re4 Rf7 25. b3 b5 26. Nb2 b4 27. a4 Nc3 28. Rc4 Rxf3 29. gxf3 Nxe5 30. f4 Nxc4 31. Nxc4 Ne4 32. fxg5 Bxg5 33. Ne5+ Kc7 34. f4 Bf6 35. Ng4 h5 36. Nxf6 Nxf6 37. Kd3 Kc6 38. Bb2 Nd5 39. Ke4 Nc3+ 40. Ke5 Ne2 41. f5 exf5 42. Kxf5 0-1

[Event "Cheliabinsk Postovalov Memorial 3rd"]
[Site "Cheliabinsk"]
[Date "2009.01.10"]
[Round "8"]
[White "Zangirov, Yan"]
[Black "Mikleeva, Ais"]
[Result "1-0"]
[WhiteElo "2147"]
[BlackElo "1950"]
[PlyCount "97"]
[EventDate "2009.01.06"]
[EventType "swiss"]
[EventRounds "9"]
[EventCountry "RUS"]
[SourceTitle "EXT 2010"]
[Source "ChessBase"]
[SourceDate "2010.11.25"]
[SourceVersion "1"]
[SourceVersionDate "2010.11.25"]
[SourceQuality "1"]

1. Nf3 d5 2. d4 Nf6 3. g3 c6 4. Bg2 Bf5 5. 0-0 e6 6. c4 Be7 7. Qb3 Qc8 8. Nc3 0-0 9. Bf4 Nbd7 10. Rac1 dxc4 11. Qxc4 Nb6 12. Qb3 Nbd5 13. Bd2 Ne4 14. Be1 Ndf6 15. Nh4 Rd8 16. Nxf5 exf5 17. f3 Ng5 18. Bf2 f4 19. e3 fxe3 20. Bxe3 Ne6 21. Rfd1 Nc7 22. Ne4 Nfd5 23. Bf2 Ne6 24. Bh3 Nxd4 25. Bxd4 Qxh3 26. Qxb7 Rac8 27. Qxa7 Qf5 28. Kg2 Ra8 29. Qb7 Rxa2 30. Qxc6 Raa8 31. Qc2 Qg6 32. Kh1 Nb4 33. Qe2 Nd5 34. Rc2 h6 35. Rcd2 Qc6 36. Nc3 Nxc3 37. Bxc3 Rxd2 38. Rxd2 Re8 39. Rc2 Bc5 40. Qd1 Re3 41. Kg2 Qb6 42. Re2 Qe6 43. Rxe3 Qxe3 44. Qe1 Qg5 45. Qe8+ Kh7 46. Qxf7 h5 47. h4 Qg6 48. Qxg6+ Kxg6 49. g4 1-0

[Event "Cheliabinsk Postovalov Memorial 3rd"]
[Site "Cheliabinsk"]
[Date "2009.01.06"]
[Round "1"]
[White "Mukhamadeev, Dmitry"]
[Black "Zangirov, Yan"]
[Result "1/2-1/2"]
[WhiteElo "1871"]
[BlackElo "2147"]
[PlyCount "77"]
[EventDate "2009.01.06"]
[EventType "swiss"]
[EventRounds "9"]
[EventCountry "RUS"]
[SourceTitle "EXT 2010"]
[Source "ChessBase"]
[SourceDate "2010.11.25"]
[SourceVersion "1"]
[SourceVersionDate "2010.11.25"]
[SourceQuality "1"]

1. d4 Nf6 2. Nc3 d5 3. Bg5 Bf5 4. f3 Nbd7 5. e3 g6 6. Bd3 Bxd3 7. Qxd3 Bg7 8. Nge2 a6 9. a4 0-0 10. 0-0 c5 11. Rad1 cxd4 12. exd4 Nb6 13. f4 Nc4 14. Qh3 e6 15. b3 Nd6 16. g4 Rc8 17. Rd3 Qb6 18. Qh4 Nfe4 19. Nxe4 Nxe4 20. Rh3 f6 21. Qxh7+ Kf7 22. Bh6 Rg8 23. f5 gxf5 24. gxf5 Rxc2 25. Re3 e5 26. Kh1 Kf8 27. Rxe4 dxe4 28. Rg1 Rc7 29. Qg6 e3 30. dxe5 Qc6+ 31. Rg2 fxe5 32. f6 Qxg2+ 33. Qxg2 Bxh6 34. Qd5 Rc6 35. Qxe5 Kf7 36. Qd5+ Kf8 37. Qe5 Kf7 38. Qd5+ Kf8 39. Qe5 1/2-1/2

[Event "Cheliabinsk Kibizov Memorial 3rd"]
[Site "Cheliabinsk"]
[Date "2008.07.05"]
[Round "9"]
[White "Zorin, Yuri"]
[Black "Zangirov, Yan"]
[Result "0-1"]
[WhiteElo "1898"]
[BlackElo "2165"]
[PlyCount "89"]
[EventDate "2008.06.27"]
[EventType "tourn"]
[EventRounds "9"]
[EventCountry "RUS"]
[SourceTitle "EXT 2022"]
[Source "ChessBase"]
[SourceDate "2021.10.06"]
[SourceVersion "1"]
[SourceVersionDate "2021.10.06"]
[SourceQuality "1"]

1. f4 d5 2. e3 g6 3. d4 Bg7 4. Bd3 c5 5. c3 Nc6 6. Nf3 Bg4 7. 0-0 Qb6 8. Qb3 Bxf3 9. Rxf3 Nf6 10. Qxb6 axb6 11. Nd2 c4 12. Bc2 b5 13. e4 e6 14. f5 dxe4 15. Bxe4 exf5 16. Bxc6+ bxc6 17. b3 cxb3 18. Re3+ Kd7 19. Nxb3 Ne4 20. Bb2 Rhe8 21. g3 h5 22. h4 Bh6 23. Rd3 Kc7 24. a3 Bf8 25. Kg2 Nf6 26. Kf3 Bd6 27. Nd2 Ne4 28. c4 Nxd2+ 29. Rxd2 bxc4 30. Rc2 Reb8 31. Bc1 Rb3+ 32. Ke2 Re8+ 33. Kf2 Bxg3+ 34. Kg2 f4 35. a4 Rd3 36. a5 Kb7 37. a6+ Ka7 38. Ba3 c3 39. Bc5+ Ka8 40. Raa2 Bxh4 41. a7 f3+ 42. Kh3 f2+ 43. Kg2 Re1 44. Rxf2 Bxf2 45. Rxf2 0-1

[Event "Cheliabinsk Region Cup 5th"]
[Site "Cheliabinsk"]
[Date "2007.09.04"]
[Round "3"]
[White "Zangirov, Yan"]
[Black "Ponkratov, Pavel"]
[Result "0-1"]
[WhiteElo "2173"]
[BlackElo "2465"]
[PlyCount "120"]
[EventDate "2007.09.02"]
[EventType "swiss"]
[EventRounds "9"]
[EventCountry "RUS"]
[SourceTitle "EXT 2022"]
[Source "ChessBase"]
[SourceDate "2021.10.06"]
[SourceVersion "1"]
[SourceVersionDate "2021.10.06"]
[SourceQuality "1"]

1. d4 Nf6 2. Nf3 c5 3. c4 cxd4 4. Nxd4 Nc6 5. Nc3 e6 6. e4 Bb4 7. Nxc6 bxc6 8. Qf3 0-0 9. e5 Ne8 10. a3 Qa5 11. Qg3 f6 12. Bd2 fxe5 13. Bd3 d5 14. cxd5 exd5 15. Qxe5 Bd6 16. Qd4 Bc5 17. Qe5 Bxf2+ 18. Kd1 Qb6 19. Kc2 Bd4 20. Qe7 Bf6 21. Qe2 Nd6 22. Rhf1 Rb8 23. b4 Rb7 24. Rae1 Qd8 25. b5 Re7 26. Qh5 g6 27. Qd1 Rxe1 28. Qxe1 Nf5 29. Bxf5 Bxf5+ 30. Rxf5 gxf5 31. Qe6+ Kh8 32. bxc6 Qc8 33. Qxd5 Rd8 34. Qc4 Be5 35. Qc5 Qe6 36. c7 Rc8 37. Nd5 Qd6 38. Qc4 Qxa3 39. Bc3 Bxc3 40. Nxc3 Qd6 41. Nd5 Kg7 42. g3 Qe6 43. Qc5 Kf7 44. Nf4 Qd7 45. Nd5 Re8 46. Qc4 Qe6 47. Qc5 Qe2+ 48. Kc3 Qe1+ 49. Kb3 Qb1+ 50. Ka3 Qd3+ 51. Nc3 Qa6+ 52. Na4 Kg6 53. h4 h6 54. Kb4 Qb7+ 55. Ka5 Re6 56. h5+ Kg5 57. Qc1+ Kxh5 58. Nc5 Qxc7+ 59. Kb5 Re5 60. g4+ fxg4 0-1